| 000 | 01210nam2a22002771 4500 | ||
|---|---|---|---|
| 001 | rc\4367852 | ||
| 005 | 20250612062232.0 | ||
| 021 |
_aRU _b[65-22953ж] |
||
| 035 | _a(NLR Aleph) 008539469 | ||
| 090 |
_a8338058 _c8338058 |
||
| 100 | _a20130416d1965 |||y0rusy50 ca | ||
| 101 | 0 | _arus | |
| 102 | _aRU | ||
| 105 | _ab z ||||| | ||
| 200 | 1 | _aЗемельные ресурсы и лесные ресурсы СССР | |
| 210 |
_d1965 _aБ. м. |
||
| 215 | _a151 с, 2 л. карт. | ||
| 320 | _aБиблиогр.: с. 54-87 и с. 143-150 (144 назв.) | ||
| 461 | 0 |
_1001rc\4367851 _12001#$aГеография СССР$e[Сборник статей$fОтв. ред. И.И. Пархоменко]$gАкад. наук СССР. Ин-т науч. информации. Вып. 1-$vВып. 1 _98338053 _cМосква _d1965 _fОтв. ред. И.И. Пархоменко] _nБ. и. _o[Сборник статей _tГеография СССР _vВып. 1 |
|
| 606 |
_aЗемельные фонды СССР (вып. 1) _2psbo |
||
| 606 |
_aЛесные ресурсы СССР (вып. 1) _2psbo |
||
| 801 | 0 |
_aRU _bNLR _gpsbo |
|
| 801 | 1 |
_aRU _bELAR _2rusmarc |
|
| 852 |
_aNLR _j65-5/3172 |
||
| 942 | _cBOOK | ||
| 980 | _aNB | ||